Až keď na hrádzi kohút zakikiríka Na vodárenskej nádrži Starina zlepšenie, ale k spokojnosti ďaleko

Bibliographic Details
Main Author: Dulin, Ján (Author)
Format: Article
Language:Slovak
Subjects:

MARC

LEADER 00000nab a2200000 a 4500
001 vtls000160007
003 SK-MaSNL
005 20260305025957.0
008 111104c1983 xo 0 slo
015 |a SNBRB19rr/mm-uuuuu 
035 |a CL0170117 
040 |a SNKBUCL  |b slo  |c SNKBUCL  |e AACR2 
041 0 |a slo 
044 |a xo  |c SK 
080 |a 626  |2 1981 
080 |a 69  |2 1981 
100 1 |a Dulin, Ján  |4 aut  |9 274646 
245 1 0 |a Až keď na hrádzi kohút zakikiríka  |b Na vodárenskej nádrži Starina zlepšenie, ale k spokojnosti ďaleko  |c Ján Dulin 
650 0 7 |a stavebníctvo  |2 snkbucl  |9 726 
650 0 7 |a vodné nádrže  |2 snkbucl  |9 4190 
651 7 |a 5400  |2 snkbucl  |9 279426 
655 7 |a články z novín a časopisov  |2 snkbucl  |9 267496 
773 0 |t Pravda  |g Roč. 64, č. 225 (23. 9. 1983), s. 3 
850 |a Slovenská národná knižnica v Martine  |a MTA001 
852 |a SNK  |b KIS3GCP 
958 |a RK 
992 |a RBX 
999 |c 3308521  |d 3310451